000 00269nam a22001337a 4500
008 170210b xxu||||| |||| 00| 0 eng d
020 _arn4012g
041 _aeng
080 _a618.2
100 _a2
101 _aINF
245 _aTHE BASIC
_cARIKIAN
942 _2udc
_cBK
999 _c5189
_d5189